|
|
|
|
| LEADER |
00000nab a2200000 a 4500 |
| 001 |
vtls000399028 |
| 003 |
SK-MaSNL |
| 005 |
20260303204646.0 |
| 008 |
160202c1990 xo 0 slo |
| 015 |
|
|
|a SNBRB19rr/mm-uuuuu
|
| 035 |
|
|
|a CL0399152
|
| 040 |
|
|
|a SNKBUCL
|b slo
|c SNKBUCL
|e AACR2
|
| 041 |
0 |
|
|a slo
|
| 044 |
|
|
|a xo
|c SK
|
| 080 |
|
|
|a 73/76(437.1):069.51
|2 1981
|
| 080 |
|
|
|a 069.51
|2 1981
|
| 080 |
|
|
|a 069.6.02
|2 1981
|
| 080 |
|
|
|a 73/76(437.1)
|2 1981
|
| 245 |
0 |
0 |
|a Kontinuita výtvarného umenia
|b Z výstavy Českého umenia 1908-68
|
| 650 |
0 |
7 |
|a umenie výtvarné české
|2 snkbucl
|9 946027
|
| 650 |
0 |
7 |
|a Národná galéria (Praha, Česko)
|2 snkbucl
|9 1238659
|
| 651 |
|
7 |
|a 3100
|2 snkbucl
|9 920766
|
| 655 |
|
7 |
|a články z novín a časopisov
|2 snkbucl
|9 267496
|
| 773 |
0 |
|
|t Čas
|g Roč. 5, č. 256 (3. 11. 1990), s. 3
|
| 850 |
|
|
|a Slovenská národná knižnica v Martine
|a MTA001
|
| 852 |
|
|
|a SNK
|b KIS3GCP
|
| 958 |
|
|
|a RK
|
| 958 |
|
|
|a CZ
|
| 992 |
|
|
|a RBX
|
| 999 |
|
|
|c 2190949
|d 2192879
|